Earthquakes. (Record no. 114630)
[ view plain ]
| 000 -LEADER | |
|---|---|
| fixed length control field | 00252nam a2200109 a 4500 |
| 005 - DATE AND TIME OF LATEST TRANSACTION | |
| control field | 20140414132107.0 |
| 008 - FIXED-LENGTH DATA ELEMENTS--GENERAL INFORMATION | |
| fixed length control field | 100902s19uu xx 00 eng d |
| 050 ## - LIBRARY OF CONGRESS CALL NUMBER | |
| Classification number | M 551.2 |
| Item number | G76 2010 |
| 100 ## - MAIN ENTRY--PERSONAL NAME | |
| Personal name | Graham, Ian |
| 245 ## - TITLE STATEMENT | |
| Title | Earthquakes. |
| Withdrawn status | Lost status | Damaged status | Use restrictions | Home library | Current library | Shelving location | Date acquired | Source of acquisition | Cost, normal purchase price | Total Checkouts | Full call number | Barcode | Date last seen | Price effective from | Koha item type |
|---|---|---|---|---|---|---|---|---|---|---|---|---|---|---|---|
| Munich Library | Munich Library | Main Section | 09/02/2010 | 285.00 | M 551.2 G76 2010 | M6500 | 04/14/2014 | 04/14/2014 | Books |